| 000 | 00868nam a2200181 i 4500 | ||
|---|---|---|---|
| 001 | 157707 | ||
| 003 | ES-MaACL | ||
| 005 | 20250808084936.0 | ||
| 008 | 040812s1890 sp |||| | spa d | ||
| 245 | 0 | 0 | _aLibro de la familia. |
| 260 |
_aMadrid : _b[s.n., _c1890?] ( _fImp. de Manuel G. Hernández) |
||
| 300 |
_a1 v. (16 p.) ; _c19 cm. |
||
| 505 | 8 | _aContiene en el verso de la cub.: Proposición de ley sobre el uso del libro de familia presentada al Congreso por Francisco Lastres y Juiz. Palacio del Congreso, 28 de febrero de 1890 | |
| 597 | _aContiene el modelo de documento oficial. | ||
| 650 | 0 | 4 |
_aDerecho civil- _zEspaña _911659 |
| 852 |
_aES-MaACL _jT-712-F-5 _z- Enc. hol., conservando la enc. original _z. - Donativo Lastres _z. - Dedicatoria autógrafa de Francisco Lastres al Ateneo _z- Enc. en un vol. facticio |
||
| 999 |
_c157707 _d157707 |
||